Land use and the intermediate-size city in developing countries : with case studies of Turkey, Brazil, and Malaysia /

Uloženo v:
Podrobná bibliografie
Hlavní autor: Rivkin, Malcolm D.
Médium: Kniha
Jazyk:English
Vydáno: New York : Praeger, 1976.
Edice:Praeger special studies in international economics and development
Témata:
LEADER 01079nam a2200253 i 4500
001 c000239224
003 CARM
005 00000000000000.0
008 840305s1976 nyu 0 eng d
019 1 |a 232994  |5 LACONCORD2021 
020 |a 0275557804 
035 |a (OCoLC)1958108  |5 LACONCORD2021 
082 0 4 |a 333.7/7/091724 
100 1 |a Rivkin, Malcolm D. 
245 1 0 |a Land use and the intermediate-size city in developing countries :  |b with case studies of Turkey, Brazil, and Malaysia /  |c Malcolm D. Rivkin. 
260 |a New York :  |b Praeger,  |c 1976. 
300 |a xiii, 136 p. :  |b maps ;  |c 25 cm. 
440 0 |a Praeger special studies in international economics and development 
504 |a Includes bibliographical references and index. 
650 0 |a City planning  |z Developing countries. 
650 0 |a Urbanization  |z Developing countries. 
852 8 |b CARM  |h A1:AQ19E0  |i C09045  |p 0365041  |f BK 
999 f f |i e2333075-5aac-5b49-8550-4f84aad23a9e  |s 7fa60282-104c-54eb-ab43-068ba578d70d 
952 f f |p Can circulate  |a CAVAL  |b CAVAL  |c CAVAL  |d CARM 1 Store  |e C09045  |f A1:AQ19E0  |h Other scheme  |i book  |m 0365041